000 00461nam a2200193Ia 4500
008 220531s9999 xx 000 0 und d
041 _aeng
082 _bPAT
100 _aPatil, S. R. And Others
_969219
245 _aLinear Algebra (sem-ii)
250 _a1ST
260 _aPune
_bNirali
_c2014
300 _aM.2
542 _d19-11-2014
551 _aScience
650 _aManagement
_969220
906 _d2014-2015
_f2817
999 _c38841
_d38841